Kenya National Bibliography 2006. (Record no. 1715)

MARC details
000 -LEADER
fixed length control field 03431cas a2200685 a 4500
001 - CONTROL NUMBER
control field 11278640
003 - CONTROL NUMBER IDENTIFIER
control field OSt
005 - DATE AND TIME OF LATEST TRANSACTION
control field 20230620124815.0
008 - FIXED-LENGTH DATA ELEMENTS--GENERAL INFORMATION
fixed length control field 831010u1980uuuuke ar b f0 a0eng c
010 ## - LIBRARY OF CONGRESS CONTROL NUMBER
LC control number 83980780
Canceled/invalid LC control number sc 83008533
016 7# - NATIONAL BIBLIOGRAPHIC AGENCY CONTROL NUMBER
Record control number 011113353
Source Uk
016 ## - NATIONAL BIBLIOGRAPHIC AGENCY CONTROL NUMBER
Record control number (AMICUS)000004228070
035 ## - SYSTEM CONTROL NUMBER
System control number (OCoLC)ocm09997044
037 ## - SOURCE OF ACQUISITION
Source of stock number/acquisition Kenya National Library Service, National Reference & Bibliographic Dept., P.O. Box 30573, Nairobi, Kenya
040 ## - CATALOGING SOURCE
Original cataloging agency IUL
Language of cataloging eng
Transcribing agency IUL
Modifying agency DLC
-- NST
-- DLC
-- NST
-- HUL
-- NST
-- AGL
-- SYS
-- GUA
-- OCLCQ
-- DIBAM
-- DLC
-- UKMGB
-- OCLCQ
-- OCLCF
-- OCLCO
-- NAM
-- IUL
-- NLC
-- OCLCQ
-- OCLCA
-- CKM
-- OCL
-- PUL
041 0# - LANGUAGE CODE
Language code of text/sound track or separate title eng
-- mul
042 ## - AUTHENTICATION CODE
Authentication code pcc
043 ## - GEOGRAPHIC AREA CODE
Geographic area code f-ke---
050 00 - LIBRARY OF CONGRESS CALL NUMBER
Classification number Z3587
Item number .K47a
070 0# - NATIONAL AGRICULTURAL LIBRARY CALL NUMBER
Classification number Z3587.K47
072 #0 - SUBJECT CATEGORY CODE
Subject category code A000
072 #0 - SUBJECT CATEGORY CODE
Subject category code X000
072 #0 - SUBJECT CATEGORY CODE
Subject category code X200
082 04 - DEWEY DECIMAL CLASSIFICATION NUMBER
Classification number 015.676205
Edition number 19
Item number KEN
245 00 - TITLE STATEMENT
Title Kenya National Bibliography 2006.
246 13 - VARYING FORM OF TITLE
Title proper/short title KNB
260 ## - PUBLICATION, DISTRIBUTION, ETC. (IMPRINT)
Place of publication, distribution, etc. Nairobi :
Name of publisher, distributor, etc. Kenya National Library Service, National Reference & Bibliographic Dept.,
Date of publication, distribution, etc. ©1983-
300 ## - PHYSICAL DESCRIPTION
Extent 218p.
Dimensions 30 cm
310 ## - CURRENT PUBLICATION FREQUENCY
Current publication frequency Annual
336 ## - CONTENT TYPE
Content type term text
Content type code txt
Source rdacontent
337 ## - MEDIA TYPE
Media type term unmediated
Media type code n
Source rdamedia
338 ## - CARRIER TYPE
Carrier type term volume
Carrier type code nc
Source rdacarrier
362 0# - DATES OF PUBLICATION AND/OR SEQUENTIAL DESIGNATION
Dates of publication and/or sequential designation 1980-
500 ## - GENERAL NOTE
General note "The objective of the Kenya National Bibliography is to record comprehensively and accurately the Bibliographic data of all Books, Annual reports, Year Books, etc. on first appearance, research reports, conference proceedings, pamphlets, maps, etc. published in Kenya and also foreign publications of interest to Kenya by subject or otherwise and foreign books written by Kenyans"--Kenya National Library Service Website.
500 ## - GENERAL NOTE
General note Works published in 1979 and before constitute materials for the retrospective KNB.
515 ## - NUMBERING PECULIARITIES NOTE
Numbering peculiarities note Issue for 2012 calld 2013 on spine.
550 ## - ISSUING BODY NOTE
Issuing body note Compiled, edited, and published by: Kenya National Library Service, National Library Division, <2006->
588 ## - SOURCE OF DESCRIPTION NOTE
Source of description note Latest issue consulted: 2013.
590 ## - LOCAL NOTE (RLIN)
Local note SERBIB/SERLOC merged record
590 ## - LOCAL NOTE (RLIN)
Local note Acquired via LC overseas office. Nairobi Field Office. Most recent issues may not yet be available in LC.
651 #0 - SUBJECT ADDED ENTRY--GEOGRAPHIC NAME
Geographic name Kenya
Form subdivision Imprints
-- Periodicals.
651 #0 - SUBJECT ADDED ENTRY--GEOGRAPHIC NAME
Geographic name Kenya
Form subdivision Bibliography.
651 #5 - SUBJECT ADDED ENTRY--GEOGRAPHIC NAME
Geographic name Kenya.
General subdivision Imprints.
651 #6 - SUBJECT ADDED ENTRY--GEOGRAPHIC NAME
Geographic name Kenya
General subdivision Imprimés
-- Périodiques.
651 #7 - SUBJECT ADDED ENTRY--GEOGRAPHIC NAME
Geographic name Kenya.
Source of heading or term fast
Authority record control number (OCoLC)fst01208718
651 #7 - SUBJECT ADDED ENTRY--GEOGRAPHIC NAME
Geographic name KENYA
General subdivision IMPRESOS.
Source of heading or term renib
651 #7 - SUBJECT ADDED ENTRY--GEOGRAPHIC NAME
Geographic name KENYA
General subdivision BIBLIOGRAFIAS.
Source of heading or term renib
655 #7 - INDEX TERM--GENRE/FORM
Genre/form data or focus term Bibliographies.
Source of term fast
Authority record control number (OCoLC)fst01919895
655 #7 - INDEX TERM--GENRE/FORM
Genre/form data or focus term Periodicals.
Source of term fast
Authority record control number (OCoLC)fst01411641
655 #7 - INDEX TERM--GENRE/FORM
Genre/form data or focus term Periodicals.
Source of term lcgft
Authority record control number http://id.loc.gov/authorities/genreForms/gf2014026139
-- (uri) http://id.loc.gov/authorities/genreForms/gf2014026139
710 2# - ADDED ENTRY--CORPORATE NAME
Corporate name or jurisdiction name as entry element Kenya National Library Service.
Subordinate unit National Reference & Bibliographic Department.
710 2# - ADDED ENTRY--CORPORATE NAME
Corporate name or jurisdiction name as entry element Kenya National Library Service.
Subordinate unit National Library Division.
776 08 - ADDITIONAL PHYSICAL FORM ENTRY
Relationship information Online version:
Main entry heading Kenya National Library Service. National Reference & Bibliographic Department.
Title Kenya national bibliography
Record control number (OCoLC)607796379
776 08 - ADDITIONAL PHYSICAL FORM ENTRY
Relationship information Online version:
Main entry heading Kenya National Library Service. National Reference & Bibliographic Department.
Title Kenya national bibliography
Record control number (OCoLC)607821784
906 ## - LOCAL DATA ELEMENT F, LDF (RLIN)
a 7
b cbc
c serials
d 3
e ncip
f 19
g n-oclcserc
942 ## - ADDED ENTRY ELEMENTS (KOHA)
Source of classification or shelving scheme Dewey Decimal Classification
Koha item type Books
Holdings
Withdrawn status Lost status Source of classification or shelving scheme Damaged status Not for loan Collection code Home library Current library Shelving location Date acquired Total Checkouts Full call number Barcode Date last seen Price effective from Koha item type
    Dewey Decimal Classification     Reference Bunge Tower Library Bunge Tower Library Reference 06/20/2023   015.676205 KEN 10014316 06/20/2023 06/20/2023 Books
LIBRARY OPENING HOURS

When the Parliament is sitting: 8.00a.m - 7.00p.m or until the house adjourns
Mondays and Fridays and when the House is on Recess:  8.00a.m - 5.00p.m
Closed on Weekends and Public Holidays

Online Public Access Catalog (OPAC)
Website: http://www.parliament.go.ke
Bunge Library: https://libraryir.parliament.go.ke
Contact: library@parliament.go.ke | Tel no: (254-2)2221291 or 2848000 Ext 5043